Uraba, conflictos y educación rural / (Registro nro. 48063)
[ vista simple ]
| 000 -LEADER | |
|---|---|
| fixed length control field | 01260nam a2200277 4500 |
| 001 - CONTROL NUMBER | |
| control field | 0000018128 |
| 005 - DATE AND TIME OF LATEST TRANSACTION | |
| control field | 20250506203457.0 |
| 008 - FIXED-LENGTH DATA ELEMENTS--GENERAL INFORMATION | |
| fixed length control field | 160627s1998 000 0 eng d |
| 040 ## - CATALOGING SOURCE | |
| Original cataloging agency | CO-CtgCURN |
| Language of cataloging | spa |
| Transcribing agency | coctgcurn |
| 082 0# - DEWEY DECIMAL CLASSIFICATION NUMBER | |
| Classification number | 301.6 |
| Item number | U71 |
| 245 00 - TITLE STATEMENT | |
| Title | Uraba, conflictos y educación rural / |
| Statement of responsibility, etc. | Negrete Barrera, Victor Manuel ... [et al.]. |
| 260 ## - PUBLICATION, DISTRIBUTION, ETC. | |
| Place of publication, distribution, etc. | Monteria : |
| Name of publisher, distributor, etc. | Corporación Universitaria del Sinu. Facultad de Ciencias, |
| Date of publication, distribution, etc. | 1998. |
| 300 ## - PHYSICAL DESCRIPTION | |
| Extent | 172 p. |
| 336 ## - CONTENT TYPE | |
| Source | rdacontent |
| 337 ## - MEDIA TYPE | |
| Source | rdamedia |
| Media type term | sin mediacion |
| Media type code | n |
| 338 ## - CARRIER TYPE | |
| Source | rdacarrier |
| Carrier type term | volumen |
| Carrier type code | nc |
| 490 1# - SERIES STATEMENT | |
| Series statement | Serie política |
| 500 ## - GENERAL NOTE | |
| General note | Facultad de ciencias juridicas y sociales centro de estudios politicos. |
| 504 ## - BIBLIOGRAPHY, ETC. NOTE | |
| Bibliography, etc. note | Incluye bibliografias. |
| 505 8# - FORMATTED CONTENTS NOTE | |
| Formatted contents note | Uraba: la colonizacion desaprovechada.--Algunos elementos sobre al formacion de la cultura cordobesa.--La educación rural en la costa atlantica.--El desplazamiento forzoso y sus efectos en la tenencia de la tierra, la vivienda y el trabajo |
| 650 #0 - SUBJECT ADDED ENTRY--TOPICAL TERM | |
| Topical term or geographic name entry element | Violencia política. |
| 700 1# - ADDED ENTRY--PERSONAL NAME | |
| Personal name | Negrete Barrera, Victor Manuel |
| -- | Negrete, M. Fernando |
| -- | Galeano, S. José |
| -- | Berrocal F. Ivan. |
| 908 ## - PUT COMMAND PARAMETER (RLIN) | |
| Put command parameter | 160627 |
| 942 ## - ADDED ENTRY ELEMENTS (KOHA) | |
| Koha item type | Libros |
| Classification part | 301.6 |
| Item part | U71 |
| Source of classification or shelving scheme | Dewey Decimal Classification |
| 999 ## - SYSTEM CONTROL NUMBERS (KOHA) | |
| -- | 2 |
| Withdrawn status | Lost status | Source of classification or shelving scheme | Damaged status | Not for loan | Home library | Current library | Shelving location | Date acquired | Inventory number | Total checkouts | Full call number | Barcode | Date last seen | Price effective from | Koha item type | Public note | Collection | Cost, normal purchase price | Copy number |
|---|---|---|---|---|---|---|---|---|---|---|---|---|---|---|---|---|---|---|---|
| Dewey Decimal Classification | Miguel Henríquez Castañeda | Miguel Henríquez Castañeda | General | 03/04/2019 | 001660 | 301.6 U71 | 001660 | 03/04/2019 | 03/04/2019 | Libros | 300-CIENSO | ||||||||
| Dewey Decimal Classification | Miguel Henríquez Castañeda | Miguel Henríquez Castañeda | Cartagena | 02/10/2020 | 022407 | 301.6 U71 | 022407 | 02/10/2020 | 02/10/2020 | Libros | 300-CIENSO | Cartagena | 35000.00 | ej.2 |